University Home | Library Home | Institutional Repository

Thiophene and its derivatives / (Record no. 89335)

MARC details
000 -LEADER
fixed length control field 00993cam2a220027700 4500
001 - CONTROL NUMBER
control field qce01668533
005 - DATE AND TIME OF LATEST TRANSACTION
control field 20190816105129.0
008 - FIXED-LENGTH DATA ELEMENTS--GENERAL INFORMATION
fixed length control field 730206s1952 nyua b 000 0 eng
010 ## - LIBRARY OF CONGRESS CONTROL NUMBER
LC control number 51013781
035 ## - SYSTEM CONTROL NUMBER
System control number (Sirsi) r86951
035 ## - SYSTEM CONTROL NUMBER
System control number (QCAT)lss00381555
035 ## - SYSTEM CONTROL NUMBER
System control number (UPRA)qce01668533
040 ## - CATALOGING SOURCE
Modifying agency UPRA
050 0# - LIBRARY OF CONGRESS CALL NUMBER
Classification number QD403
Item number .H35
082 ## - DEWEY DECIMAL CLASSIFICATION NUMBER
Classification number 547.6
-- 547.2*
100 1# - MAIN ENTRY--PERSONAL NAME
Personal name Hartough, H. D. (Howard Dale), 1913-
Fuller form of name Hartough, H. D. (Howard Dale), 1913-
Dates associated with a name Hartough, H. D. (Howard Dale), 1913-
Linkage A46342.1
245 10 - TITLE STATEMENT
Title Thiophene and its derivatives /
Statement of responsibility, etc. with special chapters by F.P. Hochgesang and F.F. Blicke.
260 ## - PUBLICATION, DISTRIBUTION, ETC.
Place of publication, distribution, etc. New York :
Name of publisher, distributor, etc. Interscience Publishers,
Date of publication, distribution, etc. 1952.
490 0# - SERIES STATEMENT
Series statement The Chemistry of heterocyclic compounds
Linkage S7686.2
504 ## - BIBLIOGRAPHY, ETC. NOTE
Bibliography, etc. note Bibliographical footnotes.
504 ## - BIBLIOGRAPHY, ETC. NOTE
Bibliography, etc. note Includes bibliographies.
650 #0 - SUBJECT ADDED ENTRY--TOPICAL TERM
Topical term or geographic name entry element Thiophene.
Linkage S35742.1
949 ## - LOCAL PROCESSING INFORMATION (OCLC)
a QD403
w lcc
i -121068
m MAIN
t BOOK
l ON-SHELF
949 ## - LOCAL PROCESSING INFORMATION (OCLC)
a QD403
w lcc
i -121069
m MAIN
t BOOK
l ON-SHELF

No items available.

© 2026 - The University of Zambia Library - Koha v25.11